<?xml version="1.0" encoding="UTF-8"?><?xml-stylesheet type="text/xsl" href="static/style.xsl"?><OAI-PMH xmlns="http://www.openarchives.org/OAI/2.0/" xmlns:xsi="http://www.w3.org/2001/XMLSchema-instance" xsi:schemaLocation="http://www.openarchives.org/OAI/2.0/ http://www.openarchives.org/OAI/2.0/OAI-PMH.xsd"><responseDate>2026-04-14T19:08:01Z</responseDate><request verb="GetRecord" identifier="oai:uvadoc.uva.es:10324/10596" metadataPrefix="marc">https://uvadoc.uva.es/oai/request</request><GetRecord><record><header><identifier>oai:uvadoc.uva.es:10324/10596</identifier><datestamp>2021-09-06T07:39:52Z</datestamp><setSpec>com_10324_5466</setSpec><setSpec>com_10324_5186</setSpec><setSpec>com_10324_29291</setSpec><setSpec>col_10324_5470</setSpec></header><metadata><record xmlns="http://www.loc.gov/MARC21/slim" xmlns:doc="http://www.lyncode.com/xoai" xmlns:xsi="http://www.w3.org/2001/XMLSchema-instance" xmlns:dcterms="http://purl.org/dc/terms/" xsi:schemaLocation="http://www.loc.gov/MARC21/slim http://www.loc.gov/standards/marcxml/schema/MARC21slim.xsd">
<leader>00925njm 22002777a 4500</leader>
<datafield tag="042" ind1=" " ind2=" ">
<subfield code="a">dc</subfield>
</datafield>
<datafield tag="720" ind1=" " ind2=" ">
<subfield code="a">Santiago Álvarez, Rosa Araceli</subfield>
<subfield code="e">author</subfield>
</datafield>
<datafield tag="720" ind1=" " ind2=" ">
<subfield code="a">Oller Guzmán, Marta</subfield>
<subfield code="e">author</subfield>
</datafield>
<datafield tag="260" ind1=" " ind2=" ">
<subfield code="c">2011</subfield>
</datafield>
<datafield tag="520" ind1=" " ind2=" ">
<subfield code="a">Se analizan dos de los ejemplos más representativos del destacado papel de la mujer (diosa y mortal) en las relaciones de hospitalidad en la Odisea, el de Atenea y el de Arete, esposa de Alcínoo. Se comentan asimismo paralelos epigráficos del II milenio a.C. (tablillas micénicas y del Próximo Oriente) y del I (cartas comerciales de época arcaica procedentes de las colonias griegas del Ponto).</subfield>
</datafield>
<datafield tag="520" ind1=" " ind2=" ">
<subfield code="a">This paper analyses two instances of the outstanding role of women, either as goddesses or as mortals, in hospitality relations in the context of the Odyssey. the cases of Athena and Arete, Alcinous' wife. Possible epigraphic parallels from the 2nd millennium BC (Mycenaean and Near Eastern Tablets) and the 1st millennium BC (Greek commercial letters coming from the North Pontic colonies) are also introduced and discussed.</subfield>
</datafield>
<datafield tag="024" ind2=" " ind1="8">
<subfield code="a">Minerva: Revista de filología clásica, 2011, N.24, pags.99-112</subfield>
</datafield>
<datafield tag="024" ind2=" " ind1="8">
<subfield code="a">0213-9634</subfield>
</datafield>
<datafield tag="024" ind2=" " ind1="8">
<subfield code="a">2530-6480</subfield>
</datafield>
<datafield tag="024" ind2=" " ind1="8">
<subfield code="a">http://uvadoc.uva.es/handle/10324/10596</subfield>
</datafield>
<datafield tag="024" ind2=" " ind1="8">
<subfield code="a">99</subfield>
</datafield>
<datafield tag="024" ind2=" " ind1="8">
<subfield code="a">24</subfield>
</datafield>
<datafield tag="024" ind2=" " ind1="8">
<subfield code="a">112</subfield>
</datafield>
<datafield tag="024" ind2=" " ind1="8">
<subfield code="a">Minerva: Revista de filología clásica</subfield>
</datafield>
<datafield ind1=" " ind2=" " tag="653">
<subfield code="a">Filología clásica</subfield>
</datafield>
<datafield tag="245" ind1="0" ind2="0">
<subfield code="a">Relaciones con el exterior en el mundo griego antiguo: tempranos ejemplos de activa participación de la mujer</subfield>
</datafield>
</record></metadata></record></GetRecord></OAI-PMH>